000 01321nam a2200253Ia 4500
003 Ost
005 20260416102354.0
008 260416s9999||||xx |||||||||||||| ||und||
040 _cfsecg
041 _aara
082 _a382
100 _aعز الدين، سمير
_eمؤلف
245 0 _aالمنظمات المالية والتجارة الدولية /
_c سمير عز الدين
260 _aالجزائر
_bجامعة الجزائر3: كلية العلوم الإقتصادية، العلوم التجارية وعلوم التسيير
_c2019
300 _a79 ورقة
_bايضاحات
_c30 سم
504 _aمراجع ص78
520 _aمفاهيم عامة حول التجارة الخارجية، نظريات التجارة الخارجية، السياسات التجارية، ميزان المدفوعات، صندوق النقد الدولي، البنك الدولي، اتفاقية الجات، المنظمة العالمية للتجارة.
653 _aالتجارة الخارجية
653 _aالجات
653 _aالسياسة التجارية
653 _aميزان المدفوعات
710 _aجامعة الجزائر3: كلية العلوم الإقتصادية، العلوم التجارية وعلوم التسيير
_eناشر علمي
942 _cHANDOUT
999 _c41134
_d41134